Economics (Record no. 396957)

MARC details
000 -LEADER
fixed length control field 00530 a2200217 4500
005 - DATE & TIME
control field 20260317125720.0
008 - FIXED-LENGTH DATA ELEMENTS--GENERAL INFORMATION
fixed length control field 260316b |||||||| |||| 00| 0 eng d
020 ## - ISBN
International Standard Book Number 9781266106842
Price £ 64.99
040 ## - CATALOGING SOURCE
Original cataloging agency VIVEKANANDA LIBRARY
082 ## - DDC NUMBER
Classification number 330
Book Number M135E(23)
100 ## - MAIN ENTRY--PERSONAL NAME
Personal name McConnell, Campbell R, ed.
245 ## - TITLE STATEMENT
Title Economics
250 ## - EDITION STATEMENT
Edition statement 23th
260 ## - PUBLICATION, DISTRIBUTION, ETC. (IMPRINT)
Name of publisher, distributor, etc McGraw Hill
Place of publication, distribution, etc New York
Date of publication, distribution, etc 2024
300 ## - PHYSICAL DESCRIPTION
Pages xxxi, 876
650 ## - Subject
Subject Economics
650 ## - Subject
Subject Public Finance
700 ## - Added Entry Personal Name
Added Entry Personal Name Brue, Stanley L
700 ## - Added Entry Personal Name
Added Entry Personal Name Flynn, Sean M
942 ## - ADDED ENTRY ELEMENTS (KOHA)
Koha item type Books
Holdings
Withdrawn status Lost status Source of classification or shelving scheme Damaged status Not for loan Location (home branch) Sublocation or collection (holding branch) Shelving location Date acquired Koha issues (times borrowed) Koha full call number Accession No. Koha date last seen Koha item type
    Dewey Decimal Classification     VIVEKANANDA LIBRARY VIVEKANANDA LIBRARY IMSAR Library 17/02/2026 1 330 M135E(23) 420838 06/04/2026 Books
© Designed and Maintained by Vivekananda Library, MDU Rohtak